000 00311nam a22001217a 4500
003 SGT
082 _a920
_bB21B
100 _aभाटिया, सूरज
245 _aबंदा सिंह बहादुर
260 _bविद्या विहार
_c2021
300 _a184
942 _2ddc
_cBK
999 _c31978
_d31978